[Event "FRA-ch Women 2018"]
[Site "Nimes"]
[Date "2018.08.20"]
[Round "3"]
[White "Afraoui, Anaelle"]
[Black "Milliet, Sophie"]
[Result "0-1"]
[WhiteElo "2041"]
[BlackElo "2389"]
[Annotator "NA"]
[PlyCount "80"]
[EventDate "2018.08.18"]
[EventType "tourn"]
[EventCountry "FRA"]
[SourceTitle "playchess.com"]
[Source "ChessBase"]
[SourceQuality "1"]
[TimeControl "40/5400+30:1800+30"]

1. e4 {[%emt 0:00:00]} c5 {[%emt 0:04:58]} 2. Nf3 {[%emt 0:00:00]} d6 {[%emt 0:00:05]} 3. d4 {[%emt 0:00:00]} cxd4 {[%emt 0:00:03]} 4. Nxd4 {[%emt 0:00:00]} Nf6 {[%emt 0:00:04]} 5. Nc3 {[%emt 0:00:04]} a6 6. g3 {[%emt 0:00:09]} e5 {[%emt 0:00:24]} 7. Nb3 {[%emt 0:00:08]} Be7 {[%emt 0:00:18]} 8. Bg2 {[%emt 0:00:09]} b5 {[%emt 0:01:24]} 9. a4 {[%emt 0:00:18]} b4 {[%emt 0:00:19]} 10. Nd5 {[%emt 0:00:08]} Nxd5 {[%emt 0:00:58]} 11. Qxd5 {[%emt 0:00:22]} Ra7 {[%emt 0:00:37]} 12. Be3 {[%emt 0:01:23]} Be6 {[%emt 0:01:31]} 13. Qd3 {[%emt 0:04:32]} Rb7 {[%emt 0:00:57]} 14. O-O {[%emt 0:01:17]} O-O {[%emt 0:10:38]} 15. Rfc1 {[%emt 0:03:59]} a5 {[%emt 0:19:56]} 16. Nd2 {[%emt 0:08:48]} Qc7 {[%emt 0:06:40]} 17. c3 {[%emt 0:05:14]} b3 {[%emt 0:09:13]} 18. Bf1 {[%emt 0:16:17]} Nd7 {[%emt 0:04:55]} 19. Nc4 {[%emt 0:14:45]} Nc5 {[%emt 0:00:53]} 20. Bxc5 {[%emt 0:03:53]} Qxc5 {[%emt 0:00:03]} 21. Rd1 {[%emt 0:01:08]} g6 {[%emt 0:10:24]} 22. Qe3 {[%emt 0:05:37]} Qc7 {[%emt 0:02:44]} 23. Na3 {[%emt 0:01:02]} Rd8 {[%emt 0:05:49]} 24. Nb5 {[%emt 0:03:47]} Qb8 {[%emt 0:00:11]} 25. Rd2 {[%emt 0:02:08]} Rdd7 {[%emt 0:00:41]} 26. Rad1 {[%emt 0:04:38]} Qf8 {[%emt 0:03:18]} 27. c4 {[%emt 0:02:55]} f5 {[%emt 0:07:26]} 28. exf5 {[%emt 0:00:59]} gxf5 {[%emt 0:00:01]} 29. f4 {[%emt 0:11:35]} e4 {[%emt 0:00:58]} 30. Qxb3 {[%emt 0:00:30]} Bd8 {[%emt 0:00:19]} 31. Kh1 {[%emt 0:01:07]} Bf7 {[%emt 0:05:15]} 32. Be2 {[%emt 0:02:11]} Rb6 {[%emt 0:02:03]} 33. Qc3 {[%emt 0:02:07]} Rc6 {[%emt 0:00:09]} 34. Nd4 {[%emt 0:01:37]} Rc5 {[%emt 0:00:07]} 35. Nb3 {[%emt 0:00:32]} Rc8 {[%emt 0:01:08]} 36. Nxa5 {[%emt 0:02:04]} e3 {[%emt 0:01:27]} 37. Rc2 {[%emt 0:00:58]} Qe8 {[%emt 0:01:33]} 38. Kg2 {[%emt 0:01:15]} Bxa5 {[%emt 0:00:31]} 39. Qxa5 {[%emt 0:00:35]} Qe4+ {[%emt 0:00:03]} 40. Kg1 {[%emt 0:01:06]} Qxc2 {[%emt 0:00:06]} 0-1

[Event "FRA-ch Women 2018"]
[Site "Nimes"]
[Date "2018.08.21"]
[Round "4"]
[White "Milliet, Sophie"]
[Black "Safranska, Anda"]
[Result "1-0"]
[WhiteElo "2389"]
[BlackElo "2193"]
[Annotator "NA"]
[PlyCount "111"]
[EventDate "2018.08.18"]
[EventType "tourn"]
[EventCountry "FRA"]
[SourceTitle "playchess.com"]
[Source "ChessBase"]
[SourceQuality "1"]
[TimeControl "40/5400+30:1800+30"]

1. e4 {[%emt 0:02:04]} Nf6 {[%emt 0:00:00]} 2. e5 {[%emt 0:00:04]} Nd5 {[%emt 0:00:00]} 3. d4 {[%emt 0:00:04]} d6 {[%emt 0:00:00]} 4. Nf3 {[%emt 0:00:03]} dxe5 {[%emt 0:00:08]} 5. Nxe5 {[%emt 0:00:05]} c6 {[%emt 0:00:05]} 6. Bd3 {[%emt 0:00:31]} Nd7 {[%emt 0:00:13]} 7. Nf3 {[%emt 0:00:06]} g6 {[%emt 0:00:16]} 8. O-O {[%emt 0:03:11]} Bg7 {[%emt 0:00:09] B04: Alekhine's Defence: 4 Nf3} 9. Re1 {[%emt 0:07:10]} O-O {[%emt 0:00:08]} 10. h3 {[%emt 0:00:53]} Re8 $146 {[%emt 0:00:27]} ({Predecessor:} 10... Qc7 11. c4 Nf4 12. Rxe7 Nxd3 13. Qxd3 Qd6 14. Re1 Nf6 15. Be3 Bf5 16. Qb3 {1-0 (38) Movsesian,S (2651)-Orfalea,M (2215) Panormo 2002}) 11. c4 {[%emt 0:01:33]} Nb4 {[%emt 0:02:52]} 12. Bf1 {[%emt 0:00:37]} e5 {[%emt 0:00:35]} 13. Bg5 {[%emt 0:09:52]} f6 $1 {[%emt 0:01:48]} 14. Bd2 {[%emt 0:00:15]} Na6 {[%emt 0:01:53]} 15. dxe5 {[%emt 0:01:52]} Nxe5 {[%emt 0:00:10]} 16. Nxe5 {[%emt 0:00:04]} fxe5 {[%emt 0:01:47]} 17. Nc3 {[%emt 0:00:43]} Nc5 {[%emt 0:00:24]} 18. Be3 {[%emt 0:01:52]} Qe7 {[%emt 0:06:09]} 19. b4 {[%emt 0:06:29]} Ne6 {[%emt 0:00:11]} 20. c5 {[%emt 0:00:10]} Rd8 {[%emt 0:09:35]} 21. Qc1 {[%emt 0:07:54]} Qh4 {[%emt 0:03:28]} 22. g3 {[%emt 0:19:23]} Qxb4 {[%emt 0:01:40]} 23. Rb1 {[%emt 0:00:03]} Qa5 {[%emt 0:00:22]} 24. Ne4 {[%emt 0:12:16]} Qc7 {[%emt 0:01:54]} 25. Bc4 {[%emt 0:01:04]} Kh8 {[%emt 0:00:09]} 26. Nd6 {[%emt 0:03:21]} b5 {[%emt 0:00:42]} 27. Bb3 {[%emt 0:03:09]} Rxd6 {[%emt 0:02:40]} 28. cxd6 {[%emt 0:00:04]} Qxd6 {[%emt 0:00:08]} 29. Qd1 {[%emt 0:02:21]} Qc7 {[%emt 0:00:53]} 30. Rc1 {[%emt 0:00:53]} Bd7 {[%emt 0:00:15]} 31. Qd3 {[%emt 0:02:49]} a6 {[%emt 0:05:59]} 32. Rcd1 {[%emt 0:00:19]} Nd4 {[%emt 0:01:27]} 33. Bxd4 $11 exd4 {[%emt 0:00:06]} 34. Re7 {[%emt 0:01:37]} Qd6 {[%emt 0:00:13]} 35. Rde1 {[%emt 0:01:01]} Bf6 {[%emt 0:04:56]} 36. Rf7 {[%emt 0:02:29]} Rf8 {[%emt 0:02:34]} 37. Rxf8+ {[%emt 0:01:19]} Qxf8 {[%emt 0:00:05]} 38. Qe4 {[%emt 0:01:56]} Qd6 {[%emt 0:02:18]} 39. Be6 {[%emt 0:07:15]} Kg7 {[%emt 0:03:50]} 40. Bxd7 {[%emt 0:01:12]} Qxd7 {[%emt 0:00:05]} 41. Rc1 {[%emt 0:30:41]} Bg5 {[%emt 1:01:07]} 42. Qxc6 {[%emt 0:00:00]} Qf7 {[%emt 0:00:00]} 43. Rc2 {[%emt 0:00:00]} Kh6 {[%emt 0:00:00]} 44. Qe4 {[%emt 0:00:00]} Qd7 {[%emt 0:00:00]} 45. h4 {[%emt 0:00:00]} Bd8 {[%emt 0:00:00]} 46. Rc5 {[%emt 0:00:00]} Bb6 {[%emt 0:00:00]} 47. Qf4+ {[%emt 0:00:00]} Kg7 {[%emt 0:00:00]} 48. Qe5+ {[%emt 0:00:00]} Kh6 {[%emt 0:00:00]} 49. Qg5+ {[%emt 0:00:00]} Kg7 {[%emt 0:00:00]} 50. Re5 {[%emt 0:00:00]} Kf7 {[%emt 0:00:00]} 51. Qf4+ {[%emt 0:00:12]} Kg7 {[%emt 0:00:00]} 52. Qe4 {[%emt 0:00:21]} Kf7 {[%emt 0:00:00]} 53. h5 {[%emt 0:01:16]} Qd6 {[%emt 0:00:00]} 54. Rd5 {[%emt 0:01:55]} Qc7 {[%emt 0:00:00]} 55. Qg4 {[%emt 0:00:43]} Kf6 {[%emt 0:00:00]} 56. Rd7 {Kg7} 1-0

[Event "FRA-ch Women 2018"]
[Site "Nimes"]
[Date "2018.08.21"]
[Round "4"]
[White "Guichard, Pauline"]
[Black "Leconte, Maria"]
[Result "1/2-1/2"]
[WhiteElo "2365"]
[BlackElo "2224"]
[Annotator "TA"]
[PlyCount "169"]
[EventDate "2018.08.18"]
[EventType "tourn"]
[EventCountry "FRA"]
[SourceTitle "playchess.com"]
[Source "ChessBase"]
[SourceQuality "1"]

{[%evp 12,169,12,0,20,14,27,25,33,17,11,-22,17,14,14,12,39,32,36,18,15,10,18,0,39,22,30,35,42,46,30,20,40,0,0,0,21,-13,0,-7,0,-18,-16,-25,0,-21,-7,-42,-8,-12,-8,-11,43,50,40,50,39,14,18,2,39,33,35,0,6,13,6,6,10,12,60,56,34,44,26,36,455,394,481,195,203,201,207,218,200,185,331,331,322,297,523,147,162,162,136,46,46,46,46,0,0,0,0,0,0,0,0,0,0,0,0,0,0,0,0,0,385,377,431,431,411,0,152,0,247,24,201,197,197,187,179,0,0,0,0,0,0,0,0,0,0,0,0,0,0,0,0,0,0,0,0,0,0,0,0,0,0,0,0,0]} 1. Nf3 Nf6 2. c4 c6 3. g3 d5 4. Bg2 Bg4 5. O-O e6 6. Qb3 Qb6 {A11: English Opening: 1...c6} 7. Qc2 {LiveBook: 36 Games} dxc4 8. Qxc4 Nbd7 9. d4 Bd6 $146 ({Predecessor:} 9... Be7 10. Nc3 O-O 11. Ne5 Bh5 12. Nxd7 Nxd7 13. b3 {1-0 (73) Bu,X (2681)-Wang,H (2713) China 2015}) 10. Nc3 O-O 11. e4 {Strongly threatening e5.} Qb4 (11... e5 {feels hotter.} 12. dxe5 Nxe5 13. Nxe5 Bxe5 14. Na4 Qc7) 12. Qxb4 (12. Qd3 {keeps more tension.} Bxf3 13. a3 Qb3 14. Bxf3 e5 15. Be3) 12... Bxb4 13. h3 Bh5 14. g4 Bg6 15. Nh4 Rfd8 16. Nxg6 hxg6 17. Bg5 Re8 (17... e5 $5 {[%cal Re5d4]}) 18. Rfd1 Nb6 19. a3 Bf8 20. Bf1 e5 21. d5 Bc5 22. Be3 (22. dxc6 {looks sharper.} bxc6 23. Kg2 Bd4 24. f3 Nh7 25. Bd2) 22... Bxe3 23. fxe3 Red8 {[%cal Rc6d5]} 24. Rd2 Rd6 25. Rad1 Rad8 26. b4 g5 {[%cal Rc6d5]} 27. a4 Nc8 28. a5 Ne7 29. Bc4 a6 30. Bb3 cxd5 31. exd5 Rc8 (31... b6 $11) 32. Na4 $1 $14 Ne4 33. Rc2 Rdd8 34. Rxc8 (34. Nc5 {is more complex.} Nd6 35. Kg2 Kh7 36. Rdc1 e4 37. Na4) 34... Nxc8 35. Kg2 Ned6 36. Rc1 Na7 37. Nb6 Nab5 38. Ba4 Kf8 39. Kf3 e4+ 40. Kg3 g6 41. h4 gxh4+ 42. Kxh4 Kg7 43. Bxb5 axb5 $2 $11 {[%mdl 12288] Endgame KRN-KRN} (43... Nxb5 $14 44. Kg5 f6+ 45. Kf4 Re8) 44. Rc7 $18 Rh8+ 45. Kg3 (45. Kg5 $142) 45... g5 46. Rd7 Rh6 47. Rd8 $1 Rf6 48. Kg2 Nc4 (48... Rh6 {is a better defense.} 49. Kf2 Rf6+ 50. Kg3 Kh7) 49. Nxc4 bxc4 {KR-KR} 50. Rc8 b5 $2 (50... Rd6 51. Rxc4 Rxd5) 51. axb6 $2 (51. Rc6 $18 {has better winning chances.} Rf3 52. a6 Rxe3 53. d6) 51... Rxb6 $16 52. Rxc4 Rd6 53. Rxe4 (53. b5 $1 $16) 53... Rxd5 $14 54. Rd4 Rb5 55. e4 Kf6 56. Kf3 Ke6 57. Ke3 f6 58. Kd3 {Threatens to win with Kc3.} Rb8 59. Rc4 Rb7 60. Kd4 {Black must now prevent Kc5.} Kd6 61. Kd3 Rb6 62. Kd4 Rb7 63. Kc3 Rb8 $2 {[%mdl 8192]} (63... Ke5 $1 $11) 64. Rc5 $18 Rh8 65. Rd5+ Kc7 66. Rc5+ $2 (66. e5 $1 $18 {and the rest is easy.}) 66... Kd6 $1 $16 67. Rd5+ (67. Rf5 $16) 67... Kc7 $1 $18 {[#] intending ...Rh4.} 68. Rd3 $2 (68. e5 $1 $18) 68... Rh4 $2 (68... Rh1 $11) 69. Rg3 Rh1 70. Kd4 Kd6 {[#]} 71. Rb3 $2 (71. b5 $1 $18) 71... Rd1+ $11 {The position is equal.} 72. Rd3 Rg1 $1 73. Rf3 Ke6 74. b5 {Hoping for b6.} Rxg4 75. b6 {White wants to mate with b7.} Rh4 76. b7 Rh8 77. Rc3 {Rc8 is the strong threat.} Rb8 78. Rc7 g4 {[%cal Bg5g4,Bg4g3,Bg3g2][%mdl 32]} 79. Rg7 g3 80. Ke3 g2 81. Kf2 Ke5 82. Re7+ Kd6 83. Rf7 Ke6 84. Rg7 Ke5 85. Re7+ {Precision: White = 44%, Black = 55%.} 1/2-1/2

[Event "FRA-ch Women 2018"]
[Site "Nimes"]
[Date "2018.08.21"]
[Round "4"]
[White "Benmesbah, Natacha"]
[Black "Bollengier, Andreea"]
[Result "1-0"]
[WhiteElo "2255"]
[BlackElo "2219"]
[Annotator "TA"]
[PlyCount "120"]
[EventDate "2018.08.18"]
[EventType "tourn"]
[EventCountry "FRA"]
[SourceTitle "playchess.com"]
[Source "ChessBase"]
[SourceQuality "1"]

{[%evp 18,120,36,-2,-8,0,0,0,25,20,16,20,78,27,67,77,77,62,96,43,43,39,38,39,39,14,29,26,26,-43,-48,-60,-59,-119,-118,-126,-95,-95,-66,-66,-66,-58,-58,-62,-58,-63,-39,-70,-54,-63,0,0,0,0,7,0,0,0,0,0,0,0,291,288,268,246,366,356,454,454,436,436,695,694,653,646,29971,29972,29972,29973,29973,29974,29974,29971,29975,29974,29974,29975,29972,6087,29979,29980,29980,29981,29981,29982,29979,29978,29971,29973,29971,29966,29980,29981,29980]} 1. e4 d5 2. exd5 Qxd5 3. Nc3 Qa5 4. d4 Nf6 5. Nf3 c6 6. Bc4 Bf5 7. O-O e6 8. Ne5 Nbd7 9. Qe2 Bb4 10. Bd2 {LiveBook: 6 Partien} Nxe5 {B01: Skandinavische Verteidigung} 11. dxe5 Nd5 12. Bxd5 cxd5 {Die Stellung ist ausgeglichen.} 13. a3 Bxc3 14. Bxc3 Qa4 {[#]} (14... Qa6 $11 15. Qxa6 bxa6) 15. b3 $146 (15. Bb4 $1 $16) ({Vorgänger:} 15. Bb4 a5 16. Bd6 Qc6 17. Rfc1 f6 {1-0 (32) Thipsay,P (2475)-Shantharam,K (2260) India 1994}) 15... Qc6 16. Bb4 $1 a5 (16... Bxc2 $2 17. Rfc1 $18) (16... Qxc2 $2 17. Qe3 $18) 17. Bd6 Qc3 18. b4 (18. Rac1 $16) 18... a4 $1 $14 19. Bc5 {Droht Db5+ und aus.} Qc4 20. Qe3 {Und weiter mit Dg5 wäre nett.} h6 21. Bd6 Kd7 22. b5 Ra5 (22... Qxb5 $2 23. Rab1 $18) 23. b6 (23. Bb4 $11 Rxb5 24. c3) 23... Rc8 (23... Bxc2 24. Rac1 $16) 24. c3 Qd3 25. Qf4 ({Besser ist} 25. Qe1 $15) 25... Rc4 $17 (25... Rxc3 26. Qb4 $14) 26. Qc1 Rb5 ({Ein No Go ist} 26... Qxc3 $6 27. Qxc3 Rxc3 28. Bb4 $11) 27. Bb4 Rxb6 28. Rd1 Qe4 29. Re1 Qf4 30. Qd1 Ra6 31. Ra2 b5 32. f3 h5 33. Rd2 Ke8 (33... Qg5 $15) 34. Rd4 $11 Rxd4 35. cxd4 Rc6 $132 {[%mdl 2048] Schwarz has counterplay} 36. Bc5 h4 37. Qe2 Rxc5 38. dxc5 {[%mdl 4096] Endspiel KDT-KDL} Qc4 39. Qf2 d4 $2 {[%mdl 8192] [#]} (39... Kd7 $11) 40. c6 $1 $18 ({Weniger gut wäre} 40. Qxh4 Qxc5 41. Qf2 b4 $14) 40... Qxc6 41. Qxd4 h3 (41... Qc7 $142 42. Qxh4 Bd3 43. Qh8+ Ke7 44. Qh4+ (44. Qxg7 Qc5+ 45. Kh1 Qxa3 $18) 44... Ke8) 42. Rd1 {[%csl Gd1][%cal Rd4d8]} Qd5 43. Qxd5 exd5 44. Rxd5 hxg2 (44... Bd7 $142 45. gxh3 Bc6) 45. Rxb5 {KT-KL} Ke7 46. Rb6 f6 47. exf6+ gxf6 48. Kxg2 Kf7 49. Kg3 Kg6 50. Kf4 Bc2 51. Rb5 Bb3 52. Rc5 Bd1 53. Rc1 (53. h4 $142 Be2 54. h5+ Kg7 55. Kg4 Kh8 56. Rc7 f5+ 57. Kg5 f4 58. Kxf4) 53... Bb3 54. Rg1+ {Weiß setzt Matt.} Kf7 55. h4 {[%cal Bh2h4,Bh4h5][%mdl 32]} Bc2 56. h5 Bd3 57. Ke3 Bc2 58. Kd2 Bf5 59. Kc3 Ke6 60. Rg7 Kd5 {Precision: Weiß = 54%, Schwarz = 49%.} 1-0

[Event "FRA-ch Women 2018"]
[Site "Nimes"]
[Date "2018.08.21"]
[Round "4"]
[White "Monpeurt, Cyrielle"]
[Black "Haussernot, Cecile"]
[Result "1-0"]
[WhiteElo "2175"]
[BlackElo "2198"]
[Annotator "TA"]
[PlyCount "157"]
[EventDate "2018.08.18"]
[EventType "tourn"]
[EventCountry "FRA"]
[SourceTitle "playchess.com"]
[Source "ChessBase"]
[SourceQuality "1"]

{[%evp 13,157,0,1,-18,-11,-16,-16,-16,-10,-12,-1,-21,-15,-15,-23,-26,12,-63,4,-15,-18,-20,-31,-24,-23,-95,-94,-101,-89,-107,-109,-115,7,4,197,199,577,365,458,431,451,416,558,550,821,784,994,547,551,550,543,541,536,509,522,367,367,366,433,434,451,403,608,608,608,608,608,608,615,543,608,608,608,608,608,608,608,608,608,592,592,592,1105,1056,810,555,592,592,565,552,594,583,504,379,644,475,716,450,591,501,648,610,1198,1052,1267,1146,1004,861,1396,759,711,0,0,0,0,0,0,0,10,0,0,0,0,0,443,279,591,591,530,0,443,99,77,68,91,0,96,0,100,0,529,483,931,945,2048,1877]} 1. e4 c5 2. Nf3 {[%cal Bg1f3,Bf3d4,Bd4f5][%mdl 32]} d6 3. d4 cxd4 4. Nxd4 Nf6 5. Nc3 a6 6. f4 e5 7. Nf5 {B93: Sicilian Najdorf: 6 f4} (7. Nf3 Nbd7 8. a4 Be7 9. Bc4 O-O 10. Qe2 exf4 11. Bxf4 Nc5 12. O-O Be6 13. Bxe6 fxe6 14. e5 Nd5 15. Nxd5 exd5 16. exd6 Bxd6 17. Be3 Re8 18. Qd2 Bf8 19. Kh1 Rc8 20. Bxc5 Bxc5 {½-½ (29) Smirin,I (2676)-Wojtaszek,R (2733) Poikovsky 2016}) 7... Nc6 {LiveBook: 3 Games} 8. Bc4 g6 9. fxe5 $146 {The position is equal.} ({Predecessor:} 9. Ne3 exf4 10. Ned5 Nxd5 11. Bxd5 Qh4+ 12. Kf1 g5 13. Bd2 Bg7 14. Be1 Qh6 {0-1 (29) Khramkov,A (1014)-Mosatidis,T (1702) LSS email 2009}) 9... Nxe5 10. Ne3 Bg7 11. O-O O-O 12. Bb3 Be6 13. Ned5 Nxd5 14. Nxd5 Rc8 15. Bf4 (15. c3 $11) 15... b5 (15... Nc4 $1 $15) 16. a4 Nc4 $36 {[%mdl 2048] Black has some pressure.} 17. axb5 axb5 18. Kh1 Nxb2 19. Qe2 (19. Qf3 $11) 19... Bxd5 $17 20. Bxd5 Na4 $1 {[%cal Ra4c3]} 21. Ra3 Nc3 22. Qd3 Qc7 (22... Nxd5 $17 23. exd5 Rc4) 23. Bb3 $1 $11 Rfd8 $2 (23... Rcd8 $11) 24. Be3 $1 $18 d5 $2 (24... Rd7 {is tougher.}) 25. exd5 Qd6 26. Ra7 Rf8 27. Bf4 Qb6 28. Re7 Qf6 29. d6 Rc5 30. Be5 Rxe5 31. Rxf6 Bxf6 32. Rxe5 Bxe5 33. d7 Bf6 34. h3 Kg7 35. Kh2 b4 36. Qc4 Be5+ 37. g3 f5 (37... Bf6 $142 38. Qxb4 Rd8) 38. Qxb4 Bf6 39. Qc4 Ne4 40. Qd5 Bd8 41. Qc6 Rf6 42. Qc8 Rf8 43. Bd5 Nf6 44. Be6 Ne4 45. c4 Be7 46. Kg2 Rd8 47. Qc7 Kf6 48. Bd5 Nc5 49. Qb6+ Kg7 50. Bc6 Kf7 51. Qc7 Ke6 52. Qf4 Bf6 53. Qh6 Rb8 $2 (53... Kd6 54. Bd5 Rxd7 55. Qf8+ Be7) 54. Bb5 Ra8 (54... g5 $142 55. g4 Ra8 56. gxf5+ Kxf5 57. Qxh7+ Ke6) 55. Qe3+ Kd6 56. Qd2+ Ke7 57. h4 Ne4 {[#]} 58. Qb4+ $1 Kf7 59. c5 Ra2+ 60. Kg1 Rd2 61. Qb3+ Kg7 62. Kf1 $2 (62. c6 $18 Bd4+ 63. Kf1) 62... Rxd7 $1 $11 63. Qe6 Rd1+ 64. Kg2 {Strongly threatening c6.} Rd2+ 65. Kf3 Bd4 {[%csl Gd4,Ge4][%cal Rd2f2]} 66. Qe7+ Kh6 {[%csl Gd4,Ge4][%cal Rd2f2]} 67. Qf8+ Bg7 68. Qe7 Rf2+ $2 {[%mdl 8192]} (68... Bd4 $11 69. Qf8+ Bg7) 69. Ke3 $18 Rg2 $2 {[#]} (69... Rb2 70. g4 Rxb5 71. g5+ Kh5) 70. Be2 $1 {Hoping for g4!} Rxg3+ 71. Kf4 $2 ({White must play} 71. Bf3 $18) 71... Rg1 $2 {[%mdl 8192]} (71... Bf6 $11 {and Black stays safe.} 72. Qf7 Rh3 73. Qf8+ Bg7) 72. Bf3 $2 (72. c6 $18 Bf6 73. Qf8+ Bg7 74. Qd8) 72... Bf6 $16 73. Qf8+ {[%mdl 1024] White has strong compensation.} Bg7 74. Qe7 Bf6 75. Qf8+ Bg7 76. Qe7 (76. Qc8 $16 {Threatens to win with c6.} Re1 77. Bxe4 Rxe4+ 78. Kf3) 76... Nf6 $2 {[%mdl 8192]} (76... Bf6 $11 {and Black is okay.} 77. Qf7 Re1 78. Bxe4 Rxe4+ 79. Kf3 Be5) 77. c6 $18 {White is clearly winning.} Rf1 (77... Rg4+ $142 78. Ke3 Rxh4) 78. Kg3 {Qe3+ would kill now.} Rg1+ 79. Kf2 {Precision: White = 57%, Black = 30%.} 1-0

[Event "FRA-ch Women 2018"]
[Site "Nimes"]
[Date "2018.08.21"]
[Round "4"]
[White "Afraoui, Anaelle"]
[Black "Navrotescu, Andreea-Cristiana"]
[Result "0-1"]
[WhiteElo "2041"]
[BlackElo "2247"]
[Annotator "TA"]
[PlyCount "76"]
[EventDate "2018.08.18"]
[EventType "tourn"]
[EventCountry "FRA"]
[SourceTitle "playchess.com"]
[Source "ChessBase"]
[SourceQuality "1"]

{[%evp 11,76,10,22,-2,14,13,14,5,32,10,4,-50,-48,-42,0,0,0,0,-6,-280,64,-229,-139,-174,-64,-69,-36,-36,-45,-301,-275,-274,-158,-167,-70,-78,-107,-449,-410,-339,-475,-220,-657,-657,-494,-333,-127,-102,-73,-56,129,-355,-252,-250,-198,-1118,-1116,-2392,-2174,-1537,-1187,-5127,-5119,-29995,-29996,-29998,-29999]} 1. e4 c5 2. Nf3 e6 3. d4 cxd4 4. Nxd4 Nc6 5. Nc3 Qc7 6. Nxc6 dxc6 {LiveBook: 35 Games} 7. Be3 {B47: Sicilian: Taimanov: 5 Nc3 Qc7 6 f4, 6 g3 and 6 Be2} (7. f4 e5 8. f5 Nf6 9. Qf3 Bc5 10. Bg5 b5 11. O-O-O Bb7 12. Kb1 a6 13. g4 Bd6 14. Be3 O-O-O {1-0 (32) Jakubiec,A (2547)-Stefansson,H (2573) Czechia 2010}) 7... e5 8. Bc4 Nf6 9. f3 {The position is equal.} (9. O-O {looks sharper.} b5 10. Bd3 Be6 11. Qe2 Be7 12. a4) 9... Bb4 $146 (9... b5 {keeps more tension.} 10. Bd3 a5 11. a4 b4 12. Nb1 Nd7) ({Predecessor:} 9... Nd7 10. Qe2 Bc5 11. Bxf7+ Kxf7 12. Qc4+ Ke7 13. Bxc5+ Nxc5 14. Qxc5+ Qd6 15. Qxd6+ Kxd6 {1-0 (25) Perez Manas,B (2369)-Chang,S (2005) Barbera del Valles 2018}) 10. Qd3 O-O 11. O-O-O ({White should try} 11. O-O $11) 11... b5 $15 12. Bb3 a5 13. a4 $1 Ba6 14. axb5 cxb5 15. Nxb5 $2 {[%mdl 8192]} (15. Bg5 $1 $11 {and White stays safe.}) 15... Qb7 $2 (15... Qc6 $1 $19 16. Ba4 (16. Bc4 $2 Rfb8 $19) 16... Rab8) 16. Nd6 $2 {[%mdl 8192]} (16. Ba4 $14) 16... Qc6 {[%mdl 1024] Black has strong compensation.} 17. Nc4 Rfe8 (17... Qc7 $1 $19 18. c3 Be7) 18. c3 a4 19. Ba2 $1 ({Don't blunder} 19. cxb4 $2 axb3 20. Bc5 Qe6 $19) 19... Bf8 $1 20. Bg5 $2 {[%mdl 8192]} (20. g4 $1 $15) 20... Rac8 $19 21. Bxf6 Qxf6 (21... gxf6 $19 22. Kc2 Qe6) 22. Qd7 $17 a3 (22... Bxc4 $19 23. Bxc4 a3) 23. Nd6 $15 Bxd6 24. Rxd6 $4 {[%mdl 8192]} (24. Qxd6 $17 Qg5+ 25. Qd2 axb2+ 26. Kxb2) 24... Qg5+ $19 25. Rd2 Red8 26. Qxf7+ Kh8 27. f4 exf4 {...Rxd2 is the strong threat.} 28. Rhd1 {[#] Threatens to win with Rxd8+.} axb2+ $2 (28... f3 $1 $19 {[%mdl 512]} 29. Qxf3 axb2+ 30. Kc2 Rxd2+ 31. Rxd2 Rb8) 29. Kxb2 $17 {And now Rxd8+ would win.} Rxd2+ $40 {[%mdl 128] Black has strong attack.} 30. Rxd2 f3 $2 (30... Qa5 $15 {keeps the upper hand.} 31. Qb3 Bc4 32. Qxc4 Rxc4 33. Bxc4 g6) 31. Rf2 $2 {[%mdl 8192]} (31. Qd5 $16 {is necessary to keep the advantage.} Qf6 32. Qd4) 31... Rb8+ 32. Bb3 Qc5 ({Weaker is} 32... fxg2 33. Qf8+ $1 {[%mdl 512]} Rxf8 34. Rxf8#) 33. Qxf3 $2 (33. Rxf3 Bc4 34. Qxc4 Qxc4 {[#]} 35. Rf8+ $1 {[%mdl 512]} Rxf8 36. Bxc4) 33... Bc4 $19 34. Qf4 Rxb3+ 35. Kc2 Bg8 36. Rf3 Qb5 {( -> ...Rb2+)} 37. Kd2 Rb2+ 38. Ke3 Qc5+ {Precision: White = 23%, Black = 37%.} 0-1